| 000 | 00470nam a2200145 a 4500 | ||
|---|---|---|---|
| 008 | 120416s0000 ||||||||||||||||| || u | ||
| 020 | _a0709187181 | ||
| 050 | _aPR 6069.T8.P55 | ||
| 100 | _aStanier, Hilda Brookman | ||
| 245 | 1 | 0 | _aPlantagenet princess |
| 260 |
_aLondon _bRobert Hale _c1981 |
||
| 300 | _a188p. | ||
| 350 | _a0.00 | ||
| 995 |
_D0.00 _FCBU-MAIN LIBRARY (Kitwe) _H1 _I6.25 _M1 _UAVAILABLE _ZFiction Collection |
||
| 999 |
_c53763 _d53763 |
||